Sex hormone pharmacology /

Bibliographic Details
Main Author: Brotherton, Janet
Format: Book
Language:English
Published: London ; New York : Academic Press, 1976.
Subjects:

MARC

Tag First Indicator Second Indicator Subfields
LEADER 00000cam a2200000 i 4500
001 in00004468113
005 20191202121807.0
008 770311s1976 enka b 00110 eng
010 |a  76001070  
015 |a GB*** 
020 |a 0121372502 
035 |a (OCoLC)02896854 
035 |z (UtOrBLW)9654 
035 |a 17628 
040 |a DLC  |c DLC  |d OKO  |d TXA  |d UtOrBLW 
049 |a TXAX  |c [1573496] 
060 4 |a WK 900  |b B874s 1976 
100 1 |a Brotherton, Janet. 
245 1 0 |a Sex hormone pharmacology /  |c J. Brotherton. 
264 1 |a London ;  |a New York :  |b Academic Press,  |c 1976. 
300 |a 511 pages :  |b illustrations ;  |c 24 cm. 
336 |a text  |2 rdacontent  |b txt 
337 |a unmediated  |2 rdamedia 
338 |a volume  |2 rdacarrier  |b nc 
504 |a Includes bibliographical references and index. 
599 |a Index terms: Androgen plus progestogen, in animals; Androstenedione, animal assessment; Pregnancy, maintenance in animals; Prostate, dog; Testis, inhibition of growth, animal; Vagina, animal 
650 2 |a Gonadal Steroid Hormones  |x pharmacology. 
650 2 |a Gonadal Steroid Hormones  |x therapeutic use. 
948 |a 1573496 
948 |a Keep per EC, 2003 evaluation; retention reasons in 505, 520, 599, or 650 fields; 04/13/2004, ngb. 
999 |a MARS 
999 f f |s d173466c-0a80-35c2-b323-f2575b02f859  |i 2e4e4825-6f4a-3312-bf12-1e458c55ed99  |t 0 
952 f f |p ric  |a Texas A&M University  |b Rellis Campus  |c Joint Library Facility  |d Remote Storage  |t 0  |e WK 900 B874s 1976  |h National Library of Medicine classification  |i unmediated -- volume  |m 323890003141Y 
998 f f |a WK 900 B874s 1976  |t 0  |l Remote Storage